Η στεφανιαία νόσος
Αποθηκεύτηκε σε:
| Κύριος συγγραφέας: | |
|---|---|
| Άλλοι συγγραφείς: | , , |
| Μορφή: | Βιβλίο |
| Γλώσσα: | Greek English |
| Δημοσίευση: |
Αθήνα :
Κάτοπτρο,
c1994.
|
| Θέματα: | |
| Ετικέτες: |
Προσθήκη ετικέτας
Δεν υπάρχουν, Καταχωρήστε ετικέτα πρώτοι!
|
MARC
| LEADER | 00000cam a2200000 i 4500 | ||
|---|---|---|---|
| 001 | 1/86158 | ||
| 008 | 050922s1994 gr | ||| |||| ||gre|| | ||
| 020 | |a 9607023463 | ||
| 035 | |l 10080475 | ||
| 040 | |a GR-MY-UA |b gre |e aacr | ||
| 041 | 1 | |a gre |h eng | |
| 082 | 7 | |a 211.4 |2 (22) | |
| 100 | 1 | |a Julian, Desmond G. |q (Desmond Gareth) | |
| 245 | 1 | 2 | |a Η στεφανιαία νόσος / |c Desmond Joulian και Claire Marley ; πρόλογος στην ελληνική έκδοση: Δημήτριος Κρεμαστινός ; μετάφραση και επιστημονική επιμέλεια: Χαράλαμπος Παναγάτος. |
| 260 | |a Αθήνα : |b Κάτοπτρο, |c c1994. | ||
| 300 | |a 168 σ. ; |c 22 εκ. | ||
| 500 | |a Με: Περί τριών απατεώνων / πραγματεία αποδιδόμενη στον Βαρόνο του Χόλμπαχ. - Η βούληση πίστης / William James. - Περί της αθανασίας του ανθρώπου / William James. - Νίκος Καζαντζάκης / Γιώργος Χ. Κουμάκης. | ||
| 500 | |a Έκδοση του Oxford University Press | ||
| 500 | |a Τίτλος πρωτοτύπου: Coronary heart disease. | ||
| 504 | |a Περιλαμβάνει ευρετήριο. | ||
| 650 | 0 | 0 | |a Lifestyles. |
| 650 | 0 | 0 | |a Coronary heart disease |x Risk factors |x Handbooks, manuals, etc. |
| 700 | 1 | |a Marley, Claire. | |
| 700 | 1 | |a Κρεμαστινός, Δημήτριος Θ. |e aui | |
| 700 | 1 | |a Παναγάτος, Χαράλαμπος, |e trl | |
| 852 | |a INST |b RHODES |c KRI |e 20050922 |h 211.4 HOL |p 005400027513 |q 005400027513 |t BK |y 0 | ||
| 901 | |a BIBL4-2005-3 | ||
| 909 | |a Ρ |b 122311 | ||
| 970 | |a ΚΟΖΑ |b ΜΑΡΙΑ |z 2005/09/22 | ||